Our poisoned planet can we save it?
Enregistré dans:
| Collectivité auteur: | |
|---|---|
| Format: | Livre |
| Langue: | anglais |
| Publié: |
Washington, D.C
U.S News & World Report
1970
|
| Sujets: | |
| Tags: |
Ajouter un tag
Pas de tags, Soyez le premier à ajouter un tag!
|
MARC
| LEADER | 00000nam a2200000 a 4500 | ||
|---|---|---|---|
| 001 | UCR9191 | ||
| 003 | CL-VaPUC | ||
| 008 | 980613e19700000us |||||||||||||||||eng|d | ||
| 082 | 0 | 4 | |a 333.73 |b USN |2 21 |
| 110 | 2 | |a U.S. News and World Report |e author |9 411443 | |
| 245 | 1 | 0 | |a Our poisoned planet can we save it? |
| 300 | |a 256 p | ||
| 942 | |c BK | ||
| 945 | |d 19980613 00:00:00 |a cmena | ||
| 260 | |a Washington, D.C |b U.S News & World Report |c 1970 | ||
| 650 | 0 | |a Ecología |9 258124 | |
| 650 | 7 | |a CONTAMINACION |2 CL-VaPUC |9 258139 | |
| 650 | 0 | |a Contaminación atmosférica |9 262775 | |
| 650 | 0 | |a Contaminación del agua |9 261423 | |
| 650 | 7 | |a CONTAMINANTES |2 CL-VaPUC |9 259641 | |
| 650 | 7 | |a DETERIORO DEL MEDIO AMBIENTE |2 CL-VaPUC |9 344369 | |
| 650 | 7 | |a DESCONTAMINACION |2 CL-VaPUC |9 352335 | |
| 583 | |a last modification |c 20171219 02:23:44 |k Rodrigo Vera | ||
| 999 | |c 270394 |d 270392 | ||
| 952 | |0 0 |1 0 |4 0 |6 333_730000000000000_USN_1970 |7 0 |8 A |9 304671 |a BIBEDU |b BIBEDU |d 2019-11-20 |i 1410547 |o 333.73 USN 1970 |p 1410547 |r 2019-11-20 |w 2019-11-20 |y BK |k LIT | ||